Report of the Christian Missionary Enquiry Committe (Record no. 10996)

MARC details
000 -LEADER
fixed length control field 00620nam a2200241 a 4500
020 ## - INTERNATIONAL STANDARD BOOK NUMBER
ISBN
082 00 - DEWEY DECIMAL CLASSIFICATION NUMBER
Classification number 266
Author Cutter GOV
100 ## - MAIN ENTRY--AUTHOR NAME
Author name Govt Of Madhya Pradesh,
245 ## - TITLE STATEMENT
Title Report of the Christian Missionary Enquiry Committe
260 ## - PUBLICATION, DISTRIBUTION, ETC. (IMPRINT)
Place of publication Nagpur
Name of publisher Govt. of Madhya Pradesh
Year of publication 1956
300 ## - PHYSICAL DESCRIPTION
Number of Pages 182p
500 ## - GENERAL NOTE
General note includes index and biblioraphy
505 2# - FORMATTED CONTENTS NOTE
Formatted contents note Bibliography
650 ## - SUBJECT ADDED ENTRY--TOPICAL TERM
Topical Term Missions
942 ## - ADDED ENTRY ELEMENTS (KOHA)
Koha item type Books
700 1# -
-- Govt Of Madhya Pradesh,
Holdings
Home library Current library Date acquired Cost, normal purchase price Full call number Accession Number Koha item type
Henry Martyn Institute Library Henry Martyn Institute Library 07/11/2007 100.00 266 GOV 016098 E-Books
                   Copyright © 2026 | Henry Martyn Institute | Hyderabad | TS-500052 | INDIA | Implemented by hmi.edu.in
Hit-Count:

Powered by Koha